000 00503nam a2200193Ia 4500
005 20250923145240.0
008 008 250917s9999 xx 000 0 eng d
037 _aTextual
040 _aDSWL
_beng
_cDSWL
041 _aeng
_2eng
084 _qDSWL
245 0 _aCaste in Indian politics
_cEd.by Rajni Kothari
260 _aNew Delhi
_b Orient Longman Ltd.
_c1970
300 _axvi,424p.
365 _aINR
_b35.00
925 _g35.00
942 _cTEXL
999 _c1448941
_d1448941